Logo CIB grande

Materials Selection In Mechanical Design (Registro nro. 236821)

Detalles MARC
000 -LEADER
campo de control de longitud fija 00589nam a2200205Ia 4500
005 - FECHA Y HORA DE LA ÚLTIMA TRANSACCIÓN
campo de control 20250425162815.0
008 - DATOS DE LONGITUD FIJA--INFORMACIÓN GENERAL
campo de control de longitud fija 250425s9999 xx 000 0 und d
020 ## - NÚMERO INTERNACIONAL ESTÁNDAR DEL LIBRO
Número Internacional Estándar del Libro 9780081005996
041 ## - CÓDIGO DE IDIOMA
--
Código de lengua original eng
082 ## - NÚMERO DE LA CLASIFICACIÓN DECIMAL DEWEY
Número de clasificación 621.815
Iniciales del Autor ASH
010 ## - NÚMERO DE CONTROL DE LA BIBLIOTECA DEL CONGRESO
Número de control de LC 109377
100 ## - ENTRADA PRINCIPAL--NOMBRE DE PERSONA
Nombre de persona Ashby, Michael F.
245 #0 - MENCIÓN DEL TÍTULO
Título Materials Selection In Mechanical Design
Mención de responsabilidad, etc. Michael F. Ashby.
260 ## - PUBLICACIÓN, DISTRIBUCIÓN, ETC.
Lugar de publicación, distribución, etc. Oxford
Nombre del editor, distribuidor, etc. Elsevier Ltd.
Fecha de publicación, distribución, etc. 2017.
300 ## - DESCRIPCIÓN FÍSICA
Extensión 646 p.
Otras características físicas Ilustrado
Dimensiones 23.6 cm
500 ## - NOTA GENERAL
Nota general Incluye Tabla de Contenido, Indice
650 ## - PUNTO DE ACCESO ADICIONAL DE MATERIA--TÉRMINO DE MATERIA
Término de materia o nombre geográfico como elemento de entrada Materiales
Término indicativo de función/relación Mecánico
Subdivisión de forma Diseño
902 ## - ELEMENTOS DE DATOS B LOCAL, LDB (RLIN)
a Libro
c Impreso
942 ## - ELEMENTOS DE ENTRADA SECUNDARIOS (KOHA)
Tipo de ítem Koha Libros
Existencias
Estatus retirado Estado de pérdida Estado de daño No para préstamo Biblioteca de origen Biblioteca actual Fecha de adquisición Coste, precio normal de compra Etiqueta RFID Total de préstamos Código de barras Copia número Tipo de ítem Koha Ubicación en estantería Nota pública
        CENTRO DE INFORMACIÓN BIBLIOTECARIA CENTRO DE INFORMACIÓN BIBLIOTECARIA 10/09/2020 99.00 0000000000000000035286   80190 1 Libros    
        CENTRO DE INFORMACIÓN BIBLIOTECARIA CENTRO DE INFORMACIÓN BIBLIOTECARIA 10/09/2020 99.00 0000000000000000035554   80625 2 Libros   Compra (Valladolit)

Copyright 2025 ESPOL. Todos los derechos reservados.